| 000 | 00701nam1a22002291i 4500 | ||
|---|---|---|---|
| 001 | rc\6441 | ||
| 005 | 20240723201037.0 | ||
| 010 | _a5899750219 | ||
| 035 | _a(NLR Aleph) 005296232 | ||
| 090 |
_a6241835 _c6241835 |
||
| 100 | _a20021204g19919999u |0rusy50 ca | ||
| 101 | 0 | _arus | |
| 102 | _aRU | ||
| 105 | _ay ||||||||| | ||
| 200 | 1 |
_aЗолотой фонд детектива _eВ 20 т. _f[Сост. В.В. Гавшин] |
|
| 210 |
_aДнепропетровск _cТИО "Днепркнига" _d1991- |
||
| 215 | _d21 | ||
| 702 | 1 |
_aГавшин _bВ.В. _gВладимир Васильевич _4220 |
|
| 801 | 0 |
_aRU _bNLR _gpsbo |
|
| 801 | 1 |
_aRU _bELAR _2rusmarc |
|
| 852 |
_aNLR _j91-3/11631 |
||
| 942 | _cBOOK | ||